| 000 | 00552nam a2200193 a 4500 | ||
|---|---|---|---|
| 005 | 20210223122412.0 | ||
| 008 | 991125s1957 ag 000 0 spa u | ||
| 035 | _aUPN01000034824 | ||
| 049 | _aCG | ||
| 050 | 4 |
_aDK63 _bT7.48 |
|
| 100 | 1 | _aTreadgold, Donald W. | |
| 245 | 1 | 0 |
_aLenin y sus rivales / _cDonald W. Treadgold ; tr. Rafael Jiménez. |
| 260 |
_aBuenos Aires : _bAgora, _c1957. |
||
| 300 | _a318 p. | ||
| 440 | 0 |
_aHombres y problemas ; _v9 |
|
| 651 | 4 |
_aRUSIA - _xHISTORIA _922982 |
|
| 651 | 4 |
_aRUSIA - _xPOLITICA Y GOBIERNO |
|
| 905 | _aLibro | ||
| 999 |
_c34824 _d34824 |
||